000 01925nam0a2200349 4500
001 RU\NLR\BIBL_A\012718100
005 20220415112658.0
010 _a978-5-7972-2913-1
_9500
021 _aRU
_bКН-П-21-078791
_9КН-П-21-6273
035 _a(NLR Aleph) 012718100
035 _a(RuMoRGB)010877336
090 _a12931843
_c12931843
100 _a20220301d2021 k y0rusy50 ca
101 0 _arus
102 _aRU
105 _a |||z|||000zy
181 0 _ai3
_baxxe
182 0 _an
200 1 _aТерриториальный маркетинг в развитии социально-инфраструктурных проектов в регионе
_eмонография
_fБондаренко В.А., Романишина Т.С.
_gМинистерство науки и высшего образования Российской Федерации, Ростовский государственный экономический университет (РИНХ)
203 _aТекст
_bвизуальный
_cнепосредственный
210 _aРостов-на-Дону
_cИздательско-полиграфический комплекс РГЭУ (РИНХ)
_d2021
215 _a237 с.
_cил., табл.
_d21
300 _aНа обл.: 90 лет РГЭУ
320 _aБиблиогр.: с. 219-237 (206 назв.) и в подстроч. примеч.
606 1 _aРегиональное управление
_yРоссийская Федерация
_92078905
_3RU\NLR\AUTH\661254772
686 1 _aУ21(2)9(2Р)
700 1 _7ca
_8rus
_aБондаренко
_bВ. А.
_cд-р экон. наук
_f1981-
_gВиктория Андреевна
_9178084
_3RU\NLR\AUTH\770178135
701 1 _aРоманишина
_bТ. С.
_gТатьяна Сергеевна
942 _cBOOK
980 _aNB